[Event "Calvia Amateur op 16th"]
[Site "Calvia"]
[Date "2019.10.12"]
[Round "8"]
[White "Busom Ferrer, Manuel"]
[Black "Munar Messegue, David1111"]
[Result "0-1"]
[WhiteElo "1759"]
[BlackElo "1678"]
[PlyCount "44"]
[EventDate "2019.10.05"]
[EventType "swiss"]
[EventRounds "9"]
[EventCountry "ESP"]
[SourceTitle "CBM 192 Extra"]
[Source "Chessbase"]
[SourceDate "2019.11.06"]
[SourceVersion "1"]
[SourceVersionDate "2019.11.06"]
[SourceQuality "1"]

1. e4 e5 2. Nc3 Nf6 3. f4 d6 4. Nf3 exf4 5. Bc4 Be6 6. Qe2 Nc6 7. 0-0 Ne5 8. Bxe6 fxe6 9. d4 Ned7 10. Ng5 Qe7 11. Qc4 e5 12. Nb5 Nb6 13. Nxc7+ Kd7 14. Qb5+ Kxc7 15. d5 Nfxd5 16. exd5 Qxg5 17. a4 a6 18. Qb3 Rc8 19. Rf3 Nd7 20. Rc3+ Kb8 21. Rc6 Nc5 22. Qb6 Qd8 0-1